[Event "25th Czech Open A 2014"]
[Site "Pardubice CZE"]
[Date "2014.07.24"]
[Round "7.74"]
[White "Spalir, Jernej"]
[Black "Istona, Martin"]
[Result "1-0"]
[WhiteTitle "FM"]
[WhiteElo "2289"]
[BlackElo "2106"]
[WhiteFideId "14606518"]
[BlackFideId "14923475"]
[EventDate "2014.07.18"]

1. d4 g6 2. c4 Bg7 3. e4 c5 4. d5 d6 5. Nf3 e6 6. Bd3 Ne7 7. O-O a6 8. Nc3 h6 9.
Qa4+ Bd7 10. Qb3 Qc7 11. dxe6 Bxe6 12. Nd5 Bxd5 13. exd5 Nd7 14. Bd2 O-O 15.
Rae1 Nf6 16. Nh4 Rae8 17. f4 Nc8 18. Rxe8 Rxe8 19. Qc2 Qe7 20. Nf3 Nd7 21. g4
Nf8 22. h4 Qd7 23. f5 Ne7 24. Kh1 Kh8 25. Nh2 gxf5 26. gxf5 Nh7 27. f6 Nxf6 28.
Bc3 Neg8 29. Qg2 Nh5 30. Qf3 Ngf6 31. Bc2 Qe7 32. Re1 Qd8 33. Rg1 Rg8 34. Qd3
Nf4 35. Qf5 Ng6 36. Rf1 Ne5 37. Bxe5 dxe5 38. Ng4 Ne4 39. Bxe4 Qxh4+ 40. Nh2 1-0

[Event "25th Czech Open A 2014"]
[Site "Pardubice CZE"]
[Date "2014.07.24"]
[Round "7.75"]
[White "Sochacki, Wojtek"]
[Black "Chovan, Milan"]
[Result "1-0"]
[WhiteTitle "FM"]
[WhiteElo "2281"]
[BlackElo "2049"]
[WhiteFideId "651389"]
[BlackFideId "14933691"]
[EventDate "2014.07.18"]

1. d4 d5 2. c4 c6 3. Nf3 Nf6 4. e3 Bg4 5. Qb3 Qb6 6. Nc3 e6 7. Nh4 Be7 8. h3 Bh5
9. g4 Nfd7 10. cxd5 cxd5 11. Nf5 exf5 12. gxh5 Qxb3 13. axb3 Bb4 14. Bd2 Bxc3
15. bxc3 Nc6 16. Bd3 g6 17. c4 Nf6 18. hxg6 hxg6 19. b4 Kd7 20. b5 Ne7 21. Bb4
dxc4 22. Bxe7 Kxe7 23. Bxc4 Rhc8 24. Bd3 a5 25. bxa6 bxa6 26. Kd2 a5 27. Rhc1
Ne4+ 28. Ke1 Rxc1+ 29. Rxc1 a4 30. Ra1 a3 31. Bxe4 fxe4 32. Kd2 a2 33. Kc3 Ra5
34. Kb3 Rb5+ 35. Kc3 Ra5 36. Kb4 Rh5 37. Rxa2 Rxh3 38. Kc5 Rh1 39. Kd5 f5 40.
Ke5 Rb1 41. Ra7+ Kf8 42. d5 Rb6 43. d6 g5 44. Ke6 f4 45. exf4 gxf4 46. Rf7+ Ke8
47. Rxf4 Ra6 1-0

[Event "25th Czech Open A 2014"]
[Site "Pardubice CZE"]
[Date "2014.07.24"]
[Round "7.76"]
[White "Aulia, Medina Warda"]
[Black "Marek, Matyas"]
[Result "1-0"]
[WhiteTitle "WGM"]
[WhiteElo "2382"]
[BlackElo "2211"]
[WhiteFideId "7101570"]
[BlackFideId "335398"]
[EventDate "2014.07.18"]

1. e4 c5 2. Nf3 d6 3. d4 cxd4 4. Nxd4 Nf6 5. Nc3 a6 6. Be2 e5 7. Nb3 Be7 8. O-O
O-O 9. Re1 Be6 10. Bf3 Qc7 11. a4 Rc8 12. h3 Nbd7 13. Nd2 Qa5 14. Nf1 b5 15. Ne3
b4 16. Ncd5 Bxd5 17. exd5 Nb6 18. Nf5 Bf8 19. Qd3 Ra7 20. Bg5 Ne8 21. h4 Rac7
22. Rec1 g6 23. Nh6+ Kg7 24. h5 f6 25. Bd2 Nc4 26. hxg6 Nxd2 27. Nf5+ Kh8 28.
Qxd2 hxg6 29. Nh4 Kg7 30. Bg4 Rb8 31. Ra3 Rc4 32. Rg3 Rd4 33. Qe3 Qxd5 34. Nxg6
Qe4 35. Qxe4 Rxe4 36. Bf5 Rd4 37. Nxe5+ 1-0

[Event "25th Czech Open A 2014"]
[Site "Pardubice CZE"]
[Date "2014.07.24"]
[Round "7.77"]
[White "Lomasov, Semen"]
[Black "Novotny, Michal"]
[Result "1-0"]
[BlackTitle "FM"]
[WhiteElo "2182"]
[BlackElo "2354"]
[WhiteFideId "24164879"]
[BlackFideId "310980"]
[EventDate "2014.07.18"]

1. e4 c5 2. Nf3 g6 3. d4 cxd4 4. Nxd4 Bg7 5. Nc3 Nc6 6. Be3 Nf6 7. Bc4 O-O 8. f3
Qb6 9. Bb3 Nxe4 10. Nd5 Qa5+ 11. c3 Nf6 12. Nxc6 dxc6 13. Nxe7+ Kh8 14. Nxc8
Raxc8 15. O-O Rcd8 16. Qc2 Nd5 17. Bxd5 Rxd5 18. a4 Rfd8 19. Rad1 a6 20. Qb3 b5
21. axb5 Qxb5 22. Qxb5 axb5 23. Rxd5 Rxd5 24. Ra1 Bf6 25. Ra6 Kg7 26. Rxc6 Rd1+
27. Kf2 Rb1 28. b4 Rb2+ 29. Kg3 Rc2 30. Bh6+ Kxh6 31. Rxf6 Rxc3 32. Rb6 Rb3 33.
Rxb5 Rb2 34. Rb7 f5 35. h4 g5 36. hxg5+ Kxg5 37. b5 h5 38. f4+ Kg6 39. Rb8 Rb4
40. b6 h4+ 41. Kf3 Rb3+ 42. Ke2 Kg7 43. b7 1-0

[Event "25th Czech Open A 2014"]
[Site "Pardubice CZE"]
[Date "2014.07.24"]
[Round "7.78"]
[White "Titan, Matej"]
[Black "Jacko, Vladimir2"]
[Result "1-0"]
[BlackTitle "FM"]
[WhiteElo "2202"]
[BlackElo "2296"]
[WhiteFideId "14608146"]
[BlackFideId "14915928"]
[EventDate "2014.07.18"]

1. c4 Nf6 2. g3 g6 3. Bg2 Bg7 4. Nf3 O-O 5. O-O d6 6. d4 Nbd7 7. Nc3 e5 8. e4
exd4 9. Nxd4 Re8 10. h3 a6 11. Be3 Rb8 12. b3 Ne5 13. a4 c5 14. Nde2 Qc7 15. Ra2
Be6 16. Rd2 Rbd8 17. Qc2 h6 18. f4 Nc6 19. Bf2 Nb4 20. Qd1 Bd7 21. Rxd6 Bxh3 22.
Rxd8 Rxd8 23. Nd5 Nbxd5 24. exd5 Bxg2 25. Kxg2 b5 26. axb5 axb5 27. Nc3 bxc4 28.
bxc4 h5 29. Qd3 Ra8 30. Ne4 Ra2 31. Nxf6+ Bxf6 32. Re1 h4 33. Re2 Ra6 34. Qe4
Kh7 35. gxh4 Ra3 36. h5 Qd7 37. hxg6+ fxg6 38. Qe6 Qd8 39. Qf7+ Kh6 40. Re3 Rxe3
41. Bxe3 1-0

[Event "25th Czech Open A 2014"]
[Site "Pardubice CZE"]
[Date "2014.07.24"]
[Round "7.79"]
[White "Priasmoro, Novendra"]
[Black "Seidl, Stepan"]
[Result "1/2-1/2"]
[WhiteElo "2282"]
[BlackElo "2209"]
[WhiteFideId "7105029"]
[BlackFideId "338290"]
[EventDate "2014.07.18"]

1. e4 c5 2. Nf3 Nc6 3. Bb5 e6 4. O-O Nge7 5. Re1 a6 6. Bxc6 Nxc6 7. d4 cxd4 8.
Nxd4 d6 9. Nc3 Be7 10. Nxc6 bxc6 11. Qg4 g6 12. Bh6 e5 13. Qe2 g5 14. Nd1 Rg8
15. Ne3 Rb8 16. b3 Qd7 17. Nf5 Qe6 18. Qe3 Rb7 19. Qh3 Kd8 20. Rad1 Rg6 21. Bg7
f6 22. Qxh7 Qf7 23. Qh8+ Qe8 24. Nxd6 Qxh8 25. Nxb7+ Kc7 26. Bxh8 Kxb7 27. Re3
Rh6 28. Bg7 Rg6 29. Bh8 Rh6 30. Bg7 Rg6 1/2-1/2

[Event "25th Czech Open A 2014"]
[Site "Pardubice CZE"]
[Date "2014.07.24"]
[Round "7.80"]
[White "Folkova, Martina"]
[Black "Bystrov, Sergej M."]
[Result "1/2-1/2"]
[WhiteTitle "WFM"]
[BlackTitle "IM"]
[WhiteElo "2188"]
[BlackElo "2280"]
[WhiteFideId "304271"]
[BlackFideId "4118561"]
[EventDate "2014.07.18"]

1. e4 c5 2. Nf3 Nc6 3. d4 cxd4 4. Nxd4 g6 5. Nc3 Bg7 6. Be3 Nf6 7. Bc4 O-O 8.
O-O d6 9. h3 Bd7 10. Bb3 Qa5 11. Qd2 Rfe8 12. Rad1 Rac8 13. f4 a6 14. Nf3 Be6 1/2-1/2

[Event "25th Czech Open A 2014"]
[Site "Pardubice CZE"]
[Date "2014.07.24"]
[Round "7.81"]
[White "Srienz, Christian"]
[Black "Marusenko, Petr"]
[Result "0-1"]
[WhiteTitle "FM"]
[BlackTitle "IM"]
[WhiteElo "2267"]
[BlackElo "2207"]
[WhiteFideId "1603175"]
[BlackFideId "14100606"]
[EventDate "2014.07.18"]

1. c4 f5 2. g3 Nf6 3. Bg2 g6 4. Nc3 Bg7 5. d3 d6 6. e4 Nc6 7. Nge2 e5 8. O-O O-O
9. Nd5 Be6 10. Bg5 Qd7 11. Qd2 Rae8 12. b4 Nh5 13. b5 Nd8 14. exf5 Bxf5 15. Bxd8
Rxd8 16. Nb4 Rb8 17. Qe3 Bh3 18. Bd5+ Kh8 19. Rfe1 Nf6 20. Qxa7 Nxd5 21. Nxd5 b6
22. Ne3 Bh6 23. Nc3 Qf7 24. Re2 Bxe3 0-1

[Event "25th Czech Open A 2014"]
[Site "Pardubice CZE"]
[Date "2014.07.24"]
[Round "7.82"]
[White "Seegert, Kristian"]
[Black "Meissner, Felix"]
[Result "1/2-1/2"]
[BlackTitle "FM"]
[WhiteElo "2178"]
[BlackElo "2263"]
[WhiteFideId "1405098"]
[BlackFideId "24671827"]
[EventDate "2014.07.18"]

1. e4 c5 2. d3 e6 3. f4 d5 4. Be2 Nc6 5. c3 Be7 6. Nf3 dxe4 7. dxe4 Qxd1+ 8.
Bxd1 Nf6 9. Nbd2 O-O 10. O-O b6 11. e5 Nd5 12. Ne4 Ba6 1/2-1/2

[Event "25th Czech Open A 2014"]
[Site "Pardubice CZE"]
[Date "2014.07.24"]
[Round "7.83"]
[White "Sanders, Isaac B"]
[Black "Karasek, Lukas"]
[Result "1/2-1/2"]
[WhiteElo "2262"]
[BlackElo "2199"]
[WhiteFideId "417661"]
[BlackFideId "325031"]
[EventDate "2014.07.18"]

1. Nf3 Nf6 2. c4 e6 3. b3 Be7 4. Bb2 O-O 5. e3 d5 6. Be2 b6 7. O-O Bb7 8. d4
Nbd7 9. Nc3 Rc8 10. cxd5 exd5 11. Ne5 c5 12. Nb5 a6 13. Nc3 Bd6 14. Nxd7 Qxd7
15. Na4 Bb8 16. g3 Qe6 17. Bf3 Ne4 18. Rc1 Rfd8 19. Bxe4 dxe4 20. Qe2 Qh3 21.
Rfd1 cxd4 22. Bxd4 Rxc1 23. Rxc1 b5 24. Nc5 Bc8 25. Nxe4 Bb7 26. Qf3 Bd5 27. Rc5
Qe6 28. Rxd5 Rxd5 29. Nc5 Qf5 30. Qxf5 1/2-1/2

[Event "25th Czech Open A 2014"]
[Site "Pardubice CZE"]
[Date "2014.07.24"]
[Round "7.84"]
[White "Pershin, Denis"]
[Black "Nguyen, Thai Dai Van"]
[Result "1/2-1/2"]
[BlackTitle "CM"]
[WhiteElo "2171"]
[BlackElo "2261"]
[WhiteFideId "24165506"]
[BlackFideId "358878"]
[EventDate "2014.07.18"]

1. e4 c5 2. Nf3 d6 3. d4 cxd4 4. Nxd4 Nf6 5. Nc3 a6 6. Bg5 Nbd7 7. f4 Qc7 8. Qf3
h6 9. Bxf6 Nxf6 10. f5 Qc5 11. O-O-O g5 12. fxg6 Bg4 13. gxf7+ Kxf7 14. Qd3 Bxd1
15. Nxd1 Bg7 16. Be2 Rhc8 17. Ne3 Qe5 18. Nc4 Qxe4 19. Nb6 Qxd3 20. Bxd3 Rd8 21.
Nxa8 Rxa8 22. Nf5 Rc8 23. Rf1 Bf8 24. g4 e6 25. Nd4 e5 26. Bf5 Re8 27. Ne2 Kg7
28. h4 Be7 29. Ng3 Nd5 30. Bd7 Rd8 31. Nf5+ Kh8 32. Be6 Nf4 33. Nxe7 Nxe6 34.
Rf6 Nd4 35. c3 Ne2+ 36. Kd2 Ng3 37. Ke3 d5 38. Rxh6+ Kg7 39. Rb6 Rd7 40. Nc8 Ne4
41. g5 Ng3 42. Rf6 Nh5 43. Rf5 d4+ 44. cxd4 Rxd4 45. Rxe5 Rxh4 46. Nd6 Rh2 47.
Re7+ Kg6 48. Rxb7 Kxg5 49. Nc4 Nf6 50. Ra7 Nd5+ 51. Kd4 Nb4 52. Rg7+ Kf6 53. Rb7
Nxa2 54. Rb6+ Ke7 55. Rxa6 Rh4+ 56. Kc5 Rh5+ 57. Kd4 Rh4+ 58. Ke3 Rxc4 59. Rxa2
Kd7 60. Ra3 Rb4 61. b3 Kc7 62. Kd3 Kb7 63. Kc3 Rh4 64. Ra1 Rh3+ 65. Kb4 Rh4+ 66.
Ka3 Rh3 67. Ka4 Rh4+ 68. b4 Kb8 69. Rg1 Rh8 70. Rg6 Rh5 71. Rf6 Rh8 72. b5 Rh4+
73. Ka5 Rh8 74. Kb6 Rg8 75. Ka6 Rh8 76. Rf7 Rg8 77. b6 Rh8 78. Rf6 Rg8 79. Rh6
Rf8 80. Rh7 Rg8 1/2-1/2

[Event "25th Czech Open A 2014"]
[Site "Pardubice CZE"]
[Date "2014.07.24"]
[Round "7.85"]
[White "Chlost, Marlena"]
[Black "Jedlicka, Ales"]
[Result "1-0"]
[WhiteTitle "WFM"]
[BlackTitle "FM"]
[WhiteElo "2142"]
[BlackElo "2259"]
[WhiteFideId "1122657"]
[BlackFideId "304824"]
[EventDate "2014.07.18"]

1. e4 c5 2. Nf3 Nc6 3. d4 cxd4 4. Nxd4 e5 5. Nb5 d6 6. N1c3 a6 7. Na3 b5 8. Nd5
Nge7 9. c4 Nxd5 10. exd5 Nd4 11. Be3 Nf5 12. Bd2 g6 13. cxb5 Bg7 14. Bc4 O-O 15.
O-O e4 16. Rb1 Qh4 17. Re1 Be5 18. g3 Qf6 19. Rxe4 Nd4 20. f4 Qf5 21. Re3 Bg7
22. bxa6 Qh3 23. Bf1 Qd7 24. Be1 Nf5 25. Re4 Bxa6 26. Bxa6 Rxa6 27. Qe2 Qb7 28.
Qd3 Rfa8 29. Bf2 h5 30. Re2 Ra5 31. Rd2 Ne7 32. Qe4 Ra4 33. Nc4 Rxa2 34. Nxd6
Qd7 35. Nc4 R8a4 36. d6 Nf5 37. Qd5 Ra1 38. Rbd1 Rxd1+ 39. Rxd1 Rb4 40. Nb6 Qd8
41. Nc4 Qd7 42. Ra1 Bf6 43. Ne5 Bxe5 44. Qxe5 Rb8 45. Rd1 Nh4 46. Qe2 Re8 47.
Qd3 Nf5 48. b4 h4 49. b5 Re6 50. Bc5 h3 51. g4 Ne3 52. f5 Qb7 53. Qe2 Nxf5 54.
Qf2 Nxd6 55. Bxd6 Rf6 56. Qc2 Qxb5 57. Bg3 Qb6+ 58. Bf2 Qb7 59. Rd8+ Kh7 60. Bd4
Qe7 61. Qf2 Qxd8 62. Qxf6 1-0

[Event "25th Czech Open A 2014"]
[Site "Pardubice CZE"]
[Date "2014.07.24"]
[Round "7.86"]
[White "Le Ruyet, Leopold"]
[Black "Moravec, Vit"]
[Result "1-0"]
[WhiteElo "2259"]
[BlackElo "2188"]
[WhiteFideId "645923"]
[BlackFideId "331481"]
[EventDate "2014.07.18"]

1. e4 c5 2. Nf3 d6 3. d4 cxd4 4. Qxd4 Nc6 5. Bb5 Bd7 6. Bxc6 Bxc6 7. Nc3 Nf6 8.
Bg5 e6 9. O-O-O Be7 10. Qd3 O-O 11. Nd4 Qc7 12. f4 Rfd8 13. f5 Ng4 14. Bxe7 Qxe7
15. Qg3 Ne5 16. Rhf1 Kh8 17. Rf4 d5 18. exd5 Bxd5 19. Re1 f6 20. Nxd5 exd5 21.
Ne6 Rd7 22. Rh4 h6 23. Qh3 Nf7 24. Re3 Re8 25. Rg4 Ng5 26. Qh5 Rd6 27. Qg6 Nxe6
28. fxe6 f5 29. Qxf5 Rxe6 30. Rxe6 Qxe6 31. Qxe6 Rxe6 32. Kd2 Rf6 33. Ke3 Kg8
34. Rf4 Kf7 35. Rxf6+ Kxf6 36. Kd4 Ke6 37. a4 Kd6 38. a5 b6 39. axb6 axb6 40. h3
g6 41. b4 h5 42. h4 Ke6 43. c4 dxc4 44. Kxc4 Kf5 45. Kb5 Kg4 46. Kxb6 Kxh4 47.
Kc5 Kg3 48. b5 Kxg2 49. b6 h4 50. b7 h3 51. b8=Q h2 52. Qb2+ Kg1 53. Qc1+ Kg2
54. Qg5+ Kh1 55. Qg3 g5 56. Qf2 1-0

[Event "25th Czech Open A 2014"]
[Site "Pardubice CZE"]
[Date "2014.07.24"]
[Round "7.87"]
[White "Pfretzschner, Roland"]
[Black "Makka, Ioulia"]
[Result "1-0"]
[WhiteTitle "FM"]
[BlackTitle "WIM"]
[WhiteElo "2256"]
[BlackElo "2185"]
[WhiteFideId "4612086"]
[BlackFideId "4205316"]
[EventDate "2014.07.18"]

1. e4 c6 2. d4 d5 3. e5 Bf5 4. Nf3 e6 5. Be2 Nd7 6. O-O Bg6 7. a4 a6 8. a5 Rc8
9. Nbd2 Nh6 10. c4 Nf5 11. Nb3 dxc4 12. Bxc4 Bh5 13. h3 Nh4 14. Be2 Rc7 15. g4
Nxf3+ 16. Bxf3 Bg6 17. Bf4 Be7 18. Nd2 Bg5 19. Bg3 O-O 20. Nc4 Nb8 21. Ra4 Bh4
22. Bh2 Rd7 23. Nb6 Re7 24. Bg2 f5 25. d5 f4 26. d6 Ref7 27. Bf3 Nd7 28. Nxd7
Qxd7 29. Qd2 Bg5 30. Bd1 h6 31. f3 Kh8 32. Kg2 Bh7 33. Bb3 Bg8 34. Rc1 Bd8 35.
Bg1 g5 36. Rac4 Rh7 37. Bc2 Rg7 38. b4 Qf7 39. Bf2 Bh7 40. Ba4 h5 41. Bxc6 bxc6
42. Rxc6 Qb7 43. Qd4 Bg6 44. Qc4 Be8 45. Rc5 Bd7 46. Qc3 Rh7 47. Qb3 Re8 48. Qc3
Bb5 49. Qd2 Rg8 50. Qa2 hxg4 51. hxg4 Rh6 52. Qc2 Bd7 53. Qe4 Qxe4 54. fxe4 Be8
55. Rc6 Bxc6 56. Rxc6 Rh7 57. Rxa6 Rb7 58. Bc5 Kg7 59. Ra8 Kg6 60. a6 Rh7 61. a7
Rgh8 62. Bg1 Rh1 63. Rb8 f3+ 64. Kf2 Bb6+ 65. Rxb6 Rc8 66. d7 Rc2+ 67. Ke3 f2
68. Bxf2 Rh3+ 69. Kd4 Rxf2 70. a8=Q Rd2+ 71. Kc4 Rxd7 72. Qe8+ Rf7 73. Qxe6+ Kg7
74. Qg6+ Kh8 75. Rb8+ 1-0

[Event "25th Czech Open A 2014"]
[Site "Pardubice CZE"]
[Date "2014.07.24"]
[Round "7.88"]
[White "Cuhra, Martin"]
[Black "Podvin, Francois-xavier"]
[Result "1-0"]
[WhiteElo "2251"]
[BlackElo "2167"]
[WhiteFideId "327735"]
[BlackFideId "677540"]
[EventDate "2014.07.18"]

1. e4 c5 2. Nf3 d6 3. d4 cxd4 4. Nxd4 Nf6 5. Nc3 g6 6. Be3 Bg7 7. f3 Nc6 8. Qd2
O-O 9. Bc4 Bd7 10. h4 Rc8 11. Bb3 a5 12. h5 Nxd4 13. Bxd4 a4 14. Nxa4 Bxa4 15.
Bxa4 e5 16. Be3 d5 17. exd5 Qxd5 18. hxg6 hxg6 19. Bb3 Qxd2+ 20. Bxd2 e4 21.
O-O-O Rfe8 22. Rde1 exf3 23. gxf3 Nd7 24. Rxe8+ Rxe8 25. Re1 Rxe1+ 26. Bxe1 Bd4
27. c3 Bg1 28. Bd5 Nc5 29. Kc2 b6 30. b4 Nd7 31. a4 Kg7 32. c4 g5 33. Bc3+ Kg6
34. Bc6 Nf8 35. c5 Ne6 36. cxb6 Bxb6 37. a5 Nd4+ 38. Bxd4 1-0

[Event "25th Czech Open A 2014"]
[Site "Pardubice CZE"]
[Date "2014.07.24"]
[Round "7.89"]
[White "Yefimov, Mstislav"]
[Black "Sorin, Michael"]
[Result "1/2-1/2"]
[WhiteElo "2138"]
[BlackElo "2249"]
[WhiteFideId "24122386"]
[BlackFideId "2805030"]
[EventDate "2014.07.18"]

1. d4 f5 2. Nc3 d5 3. Bf4 Nf6 4. e3 e6 5. Nb5 Na6 6. c4 Bb4+ 7. Nc3 Ne4 8. Qc2
O-O 9. Bd3 Bd6 10. Bxd6 Qxd6 11. c5 Qe7 12. Bxa6 bxa6 13. Nf3 Ng5 14. Nxg5 Qxg5
15. f4 Qh4+ 16. Qf2 Qe7 17. b4 Rb8 18. Rb1 Bd7 19. O-O Bb5 20. Rfd1 c6 21. a4 1/2-1/2

[Event "25th Czech Open A 2014"]
[Site "Pardubice CZE"]
[Date "2014.07.24"]
[Round "7.90"]
[White "Postupa, Pavel2"]
[Black "Muter, Donny"]
[Result "0-1"]
[WhiteElo "2247"]
[BlackElo "2181"]
[WhiteFideId "326410"]
[BlackFideId "409170"]
[EventDate "2014.07.18"]

1. e4 c5 2. Nf3 d6 3. Bb5+ Bd7 4. Bxd7+ Qxd7 5. O-O Nf6 6. Re1 Nc6 7. c3 g6 8.
d4 cxd4 9. cxd4 Bg7 10. d5 Nb8 11. Nc3 O-O 12. Be3 Ng4 13. Bd4 Ne5 14. Nxe5 dxe5
15. Be3 Na6 16. Qd2 Rfc8 17. Rac1 Nc7 18. Rc2 Ne8 19. Rec1 Nd6 20. b3 b6 21. f3
Rc7 22. a4 Rac8 23. Na2 f5 24. Rxc7 Rxc7 25. Rxc7 Qxc7 26. exf5 Nxf5 27. Nb4 e4
28. Nc6 exf3 29. g4 Nd6 30. Bf4 Qd7 31. h3 Nc8 32. Nb8 Qb7 33. Qd3 Nd6 34. Nc6
Bf8 35. Bxd6 exd6 36. Qxf3 Qg7 37. h4 h6 38. Kg2 Qb2+ 39. Kh3 Bg7 40. Ne7+ Kh7
41. Nxg6 Bf6 42. Nf8+ Kg8 43. Ne6 Be5 44. Qf8+ Kh7 45. Qe7+ Kg8 46. Qd8+ Kh7 47.
Qc7+ Kg8 48. Qb8+ Kh7 49. Qxa7+ Kg8 50. Qb8+ Kh7 51. Qc7+ Kg8 52. Qd8+ Kh7 53.
Qe7+ Kg8 54. Qf8+ Kh7 55. Qf5+ Kh8 56. Nf4 Qxb3+ 57. Qd3 Qxa4 58. Ng6+ Kg7 59.
h5 Bf6 60. Nh4 Qf4 61. Ng2 Qg5 62. Qc2 Be5 63. Qd1 b5 64. Qe1 Qf6 65. Qe2 b4 66.
Qd3 Qg5 67. Qc2 Qf6 68. Qd3 Qg5 69. Qc2 Qf6 70. Qc7+ Qf7 71. Qxf7+ Kxf7 72. Ne1
b3 73. Nf3 Bf4 74. Nd4 b2 75. Ne2 Be5 0-1

[Event "25th Czech Open A 2014"]
[Site "Pardubice CZE"]
[Date "2014.07.24"]
[Round "7.91"]
[White "Pischikov, Vadim"]
[Black "Szotkowski, Jakub"]
[Result "1-0"]
[WhiteElo "2130"]
[BlackElo "2240"]
[WhiteFideId "4100280"]
[BlackFideId "330590"]
[EventDate "2014.07.18"]

1. d4 Nf6 2. c4 c5 3. d5 b5 4. Nf3 g6 5. cxb5 a6 6. e3 Bg7 7. Nc3 d6 8. a4 O-O
9. Bc4 axb5 10. Bxb5 Ba6 11. O-O Ne4 12. Bxa6 Nxc3 13. Qb3 Nxa6 14. bxc3 Qa5 15.
Ra3 Rab8 16. Qc4 Nc7 17. e4 Rb1 18. Nd2 Rb6 19. Qa2 Qa8 20. Nc4 Ra6 21. Bg5 f6
22. Bd2 f5 23. f3 fxe4 24. fxe4 Rxf1+ 25. Kxf1 e6 26. a5 h6 27. Nb6 Qf8+ 28. Kg1
Kh7 29. dxe6 Be5 30. Nd7 Qe7 31. Be1 Bg7 32. Nb8 Ra8 33. Qb3 Qe8 34. Nd7 Nxe6
35. Nb6 Ra7 36. a6 Ng5 37. Qa4 Qe6 38. Ra1 Nxe4 39. Qa2 Qf5 40. Qd5 Be5 41. Qd3
Qf4 42. Bg3 Nxg3 43. hxg3 Qg4 44. Ra4 Qe6 45. Qe4 Qb3 46. Nd5 Qd1+ 47. Kh2 Qh5+
48. Kg1 Qd1+ 49. Kh2 Qh5+ 50. Kg1 Qd1+ 51. Kh2 Bd4 52. cxd4 Qxa4 53. Nf6+ Kg7
54. Ne8+ Kf8 55. Nxd6 Qxd4 56. Qxg6 Qe3 57. Qf6+ Kg8 58. Nf5 Qe2 59. Qg6+ Kh8
60. Nxh6 Rg7 61. Nf7+ Kg8 62. Nh6+ Kh8 63. Nf7+ Kg8 64. Nh6+ Kh8 65. Qd6 Qh5+
66. Kg1 Qg6 67. Qb8+ Kh7 68. a7 Qxh6 69. Qb1+ 1-0

[Event "25th Czech Open A 2014"]
[Site "Pardubice CZE"]
[Date "2014.07.24"]
[Round "7.92"]
[White "Kubik, Michael"]
[Black "Chernyshova, Natalia"]
[Result "1/2-1/2"]
[WhiteElo "2238"]
[BlackElo "2129"]
[WhiteFideId "344320"]
[BlackFideId "24143219"]
[EventDate "2014.07.18"]

1. e4 c6 2. d4 d5 3. e5 g6 4. Nc3 Bg7 5. f4 h5 6. Nf3 Bg4 7. h3 Bxf3 8. Qxf3 h4
9. Bd3 Nh6 10. Be3 Nf5 11. Bf2 Qb6 12. O-O e6 13. Na4 Qc7 14. Rae1 Nd7 15. b3
Nb6 16. Nc5 Bf8 17. Qg4 Nc8 18. Na4 b5 19. Nc5 Bxc5 20. dxc5 Nce7 21. a4 b4 22.
a5 Kd7 23. a6 Rag8 24. Ra1 g5 25. fxg5 Qxe5 26. Ra4 Rb8 27. Rxb4 Rxb4 28. Qxb4
Rb8 29. Qe1 Qf4 30. Be2 Qxg5 31. Bg4 f6 32. Qe2 Rb4 33. Re1 Re4 34. Qd1 Ne3 35.
Qd2 Nxg4 36. Qxg5 fxg5 37. Rxe4 dxe4 38. hxg4 Nd5 39. Bd4 Nc7 40. Be3 Nxa6 41.
c3 Nc7 42. Bxg5 Nb5 43. Bf6 Ke8 44. c4 Na3 45. Bxh4 Kf7 46. Kf1 Nc2 47. Bf2 Kg6
48. Ke2 Kg5 49. Kd2 Nb4 50. Kc3 a5 51. Bg3 e3 52. Bc7 e2 53. Kd2 Nd3 54. Kxe2
Nc1+ 55. Kd2 Nxb3+ 56. Kc3 Nxc5 57. Bxa5 Kxg4 58. Bc7 Kf5 59. Bh2 e5 60. Bg1 Ne6
61. Kb4 e4 62. Kc3 Kf4 63. Kd2 Kg3 64. Bb6 Ng5 65. Ke3 Kxg2 66. Bd8 Nf7 67. Bc7
Kf1 68. Kxe4 Ke2 69. Kd4 Kd2 70. c5 Kc2 71. Bd6 1/2-1/2

[Event "25th Czech Open A 2014"]
[Site "Pardubice CZE"]
[Date "2014.07.25"]
[Round "8.1"]
[White "Pavlidis, Antonios"]
[Black "Nisipeanu, Liviu-Dieter"]
[Result "1/2-1/2"]
[WhiteTitle "IM"]
[BlackTitle "GM"]
[WhiteElo "2479"]
[BlackElo "2686"]
[WhiteFideId "4212312"]
[BlackFideId "1202758"]
[EventDate "2014.07.18"]

1. e4 c6 2. d4 d5 3. Nc3 dxe4 4. Nxe4 Bf5 5. Ng3 Bg6 6. Nh3 Nf6 7. Nf4 e5 8.
Nxg6 hxg6 9. dxe5 Qa5+ 10. Bd2 Qxe5+ 11. Qe2 Nbd7 12. Qxe5+ Nxe5 13. Bc3 Ned7
14. O-O-O Bc5 15. Bd4 Rh4 16. Bxc5 Nxc5 17. Be2 Kf8 18. h3 Re8 19. Bf3 Nh7 20.
Rhe1 Rxe1 21. Rxe1 Ng5 22. Re3 f5 23. Ne2 Kf7 24. Rc3 Nce6 25. Rb3 Nc5 26. Rc3
Nce6 27. Rb3 Kf6 28. Kd1 Nc5 29. Rc3 Na4 30. Rb3 Nxf3 31. gxf3 Nc5 32. Rc3 Ne6
33. Rb3 b6 34. Rd3 Rxh3 35. Rd6 Rh1+ 36. Kd2 c5 37. Nf4 Ke5 38. Rxe6+ Kxf4 39.
Rxg6 Kxf3 40. Rxg7 f4 41. Rf7 Rf1 42. Rxa7 Rxf2+ 43. Kd3 Re2 44. a4 Re3+ 45. Kd2
Kf2 46. Ra6 Re4 47. b3 Rd4+ 48. Kc3 f3 49. Rxb6 Kg3 50. Rg6+ Rg4 51. Rf6 Rf4 52.
Rg6+ Rg4 53. Rf6 f2 54. Kd3 Kg2 55. a5 Rd4+ 56. Ke2 Re4+ 57. Kd3 Rd4+ 58. Ke2
Re4+ 59. Kd3 Rd4+ 1/2-1/2

[Event "25th Czech Open A 2014"]
[Site "Pardubice CZE"]
[Date "2014.07.25"]
[Round "8.2"]
[White "Vorobiov, Evgeny E."]
[Black "Poetsch, Hagen"]
[Result "1/2-1/2"]
[WhiteTitle "GM"]
[BlackTitle "IM"]
[WhiteElo "2591"]
[BlackElo "2477"]
[WhiteFideId "4121341"]
[BlackFideId "24615137"]
[EventDate "2014.07.18"]

1. d4 d5 2. c4 c6 3. Nf3 Nf6 4. Qb3 dxc4 5. Qxc4 Bf5 6. g3 e6 7. Bg2 Nbd7 8. O-O
Be7 9. Nc3 O-O 10. Re1 Ne4 11. Qb3 Qb6 12. Nh4 Bxh4 13. gxh4 Ndf6 14. f3 Nxc3
15. bxc3 e5 16. Qxb6 axb6 17. dxe5 Nd7 18. f4 Nc5 19. Be3 Ra3 20. Bd4 1/2-1/2

[Event "25th Czech Open A 2014"]
[Site "Pardubice CZE"]
[Date "2014.07.25"]
[Round "8.3"]
[White "Arun Prasad, S."]
[Black "Venkatesh, M.R."]
[Result "1-0"]
[WhiteTitle "GM"]
[BlackTitle "GM"]
[WhiteElo "2472"]
[BlackElo "2498"]
[WhiteFideId "5011167"]
[BlackFideId "5005779"]
[EventDate "2014.07.18"]

1. d4 Nf6 2. c4 b6 3. Nc3 Bb7 4. Nf3 e6 5. e3 Bb4 6. Bd3 O-O 7. O-O Bxc3 8. bxc3
d6 9. Nd2 e5 10. e4 Nc6 11. Bb2 Re8 12. Re1 Ne7 13. f3 Ng6 14. Nf1 h5 15. Bc1
Nd7 16. Ne3 Nf4 17. g3 Ne6 18. d5 Nec5 19. Bc2 Bc8 20. Qd2 Nf8 21. Qg2 Ng6 22.
Nf5 h4 23. gxh4 Bxf5 24. exf5 Nxh4 25. Qg4 e4 26. fxe4 Qf6 27. Bd2 Nd7 28. Rf1
Ne5 29. Qg3 g5 30. Kh1 g4 31. Bf4 Kf8 32. Ba4 Rec8 33. h3 Ke7 34. Bxe5 dxe5 35.
hxg4 Rh8 36. Kg1 Rag8 37. c5 bxc5 38. d6+ cxd6 39. Rab1 Qg5 40. f6+ Ke6 41. Rb7
Nf3+ 42. Qxf3 Qxg4+ 43. Kf2 Rh2+ 44. Ke1 Qxf3 45. Bd7+ Kxf6 46. Rxf3+ Kg7 47.
Be6 Kh6 48. Rf6+ Rg6 49. Rbxf7 Rc2 50. Rxg6+ Kxg6 51. Rf3 1-0